|
|
|
|
| LEADER |
01495nam a2200409 a 4500 |
| 001 |
000732336 |
| 003 |
CZ BrMZK |
| 005 |
20170117102557.0 |
| 007 |
ta |
| 008 |
040906s2004 xr erp 000 0 cze d |
| 020 |
|
|
|a 80-246-0878-2
|q (brož.) :
|c Kč 160,00
|
| 040 |
|
|
|a BOA001
|b cze
|
| 041 |
0 |
|
|a cze
|a slo
|
| 043 |
|
|
|a e-cs---
|
| 072 |
|
7 |
|a 342
|x Ústavní právo. Správní právo
|2 Konspekt
|9 16
|
| 072 |
|
7 |
|a 37.016
|x Učební osnovy. Vyučovací předměty. Učebnice
|2 Konspekt
|9 22
|
| 080 |
|
|
|a 342
|2 MRF
|
| 080 |
|
|
|a (437)
|2 MRF
|
| 080 |
|
|
|a (075.8)
|2 MRF
|
| 080 |
|
|
|a (094)
|2 MRF
|
| 100 |
1 |
|
|a Gronský, Ján,
|d 1928-2023
|7 jk01032721
|4 aut
|
| 245 |
1 |
0 |
|a Dokumenty k ústavnímu vývoji Československa.
|n I., (1918-1945) /
|c Ján Gronský, Jiří Hřebejk
|
| 250 |
|
|
|a 2. vyd.
|
| 260 |
|
|
|a Praha :
|b Karolinum,
|c 2004
|
| 300 |
|
|
|a 244 s. ;
|c 21 cm
|
| 500 |
|
|
|a 500 výt.
|
| 521 |
8 |
|
|a Učební text pro posluchače Právnické fakulty UK
|
| 546 |
|
|
|a Český a slovenský text
|
| 550 |
|
|
|a Vydavatel: Univerzita Karlova v Praze
|
| 650 |
0 |
7 |
|a ústavní právo
|7 ph116908
|z Československo
|y 1918-1945
|2 czenas
|
| 655 |
|
7 |
|a učebnice vysokých škol
|7 fd133772
|2 czenas
|
| 655 |
|
7 |
|a dokumenty
|7 fd132064
|2 czenas
|
| 700 |
1 |
|
|a Hřebejk, Jiří,
|d 1955-
|7 jn99240000343
|4 aut
|
| 710 |
2 |
|
|a Univerzita Karlova
|7 kn20010710036
|
| 910 |
|
|
|a BOA001
|b 2-1113.282,1
|
| 990 |
|
|
|a BK
|
| 996 |
6 |
|
|b 2610228147
|c 2-1113.282,1
|l MZK
|r Sklad / do 1 hodiny
|n 3
|p p.v.
|w 000732336
|u 000010
|a 1
|e BOA001
|j MZK50
|s P
|